Indiquez la profession des parents ! 1 - Statistiques

Statistiques générales
  • Ce quiz a été pris 21 fois
  • Le résultat moyen est 3 sur 20
Statistiques - réponses
Hint Réponse % Correct
Claude François Chef de trafic du canal de Suez
43%
Johnny Hallyday Artiste de cabaret / Employée de commerce
38%
Louis Chédid Biologiste / Poétesse
33%
Joe Dassin Réalisateur - Violoniste
24%
Salvatore Adamo Mineur
19%
Jean Ferrat Ouvrier joaillier / Ouvrière en fleurs artificielles
19%
Julien Clerc Haut-fonctionnaire à l'UNESCO
14%
Patrick Juvet Commerçant en radio et télévision
10%
Hugues Aufray Industriel
10%
Jacques Brel Industriel
10%
Antoine Ingénieur
10%
Pierre Bachelet Blanchisseurs
5%
Jean-Jacques Goldman Commerçant
5%
Charles Aznavour Cuisinier
5%
Sacha Distel Garagiste
5%
Daniel Balavoine Ingénieur / Antiquaire
5%
Isabelle Aubret Contremaître en filature
0%
Alain Bashung Ouvrière chez Renault
0%
Daniel Guichard Soudeur
0%
Julien Doré Vendeurs
0%
Aucun quiz correspondant
Distribution des résultats
% des personnes avec chaque résultat
Percentile par nombre de réponses
Votre historique - résultats
Vous n’avez pas pris ce quiz